|
|
|
|
| LEADER |
00894nam a22002657a 4500 |
| 001 |
2292 |
| 003 |
BD-DhAAL |
| 005 |
20151226192218.0 |
| 008 |
151226s 1995ii a|||| b||| 001 0 eng d |
| 020 |
|
|
|a 0074620940
|
| 040 |
|
|
|a BD-DhAAL
|c BD-DhAAL
|
| 082 |
|
|
|a 658
|
| 100 |
|
|
|a Burton, Gene
|9 16982
|
| 245 |
|
|
|a Management today :
|b principles and practice /
|c Gene Burton, Manab Thakur
|
| 260 |
|
|
|a New Delhi :
|b Tata McGraw-Hill,
|c c1995
|
| 300 |
|
|
|a xvi, 608 p. :
|b ill. ;
|c 24 cm.
|
| 504 |
|
|
|6 Includes bibliography and index.
|
| 541 |
|
|
|e 2292
|
| 650 |
|
|
|a Management.
|9 16983
|
| 650 |
|
|
|a Decision making.
|9 16984
|
| 650 |
|
|
|a Organizational effectiveness.
|9 16985
|
| 700 |
|
|
|a Thakur, Manab
|9 16986
|
| 942 |
|
|
|2 ddc
|c BK
|
| 999 |
|
|
|c 36451
|d 36451
|
| 952 |
|
|
|0 0
|1 0
|2 ddc
|4 0
|6 658_000000000000000_BUR
|7 0
|9 57367
|a SCL
|b SCL
|c GEN
|d 2015-12-26
|l 0
|o 658 BUR
|p 3020002292
|r 2015-12-26
|t 1
|w 2015-12-26
|y BK
|